[Event "POL-chT3 Dolnoslaskie 1415"]
[Site "Poland"]
[Date "2015.01.11"]
[Round "5.8"]
[White "Stelmaszuk, Maciej"]
[Black "Walada, Mariusz"]
[Result "1-0"]
[WhiteElo "1683"]
[BlackElo "1371"]
[PlyCount "115"]
[EventDate "2014.10.26"]
[EventType "team-tourn"]
[EventRounds "11"]
[EventCountry "POL"]
[SourceTitle "EXT 2018"]
[Source "ChessBase"]
[SourceDate "2017.10.13"]
[SourceVersion "1"]
[SourceVersionDate "2017.10.13"]
[SourceQuality "1"]
[WhiteTeam "Olawa MGLKS Parnas"]
[BlackTeam "Lubin Miedziany Skoczek"]
[WhiteTeamCountry "POL"]
[BlackTeamCountry "POL"]

1. d4 Nf6 2. c4 e6 3. Nf3 b6 4. a3 Bb7 5. Nc3 Be7 6. Qc2 d6 7. e4 c5 8. d5 a6 9. Bd3 e5 10. 0-0 Nbd7 11. Ne1 0-0 12. f4 g6 13. Nf3 Nh5 14. fxe5 Nxe5 15. Nxe5 dxe5 16. Be3 Bg5 17. Qd2 Bxe3+ 18. Qxe3 Qd6 19. Rf3 Bc8 20. Raf1 Nf4 21. Ne2 Bg4 22. Rg3 Bxe2 23. Bxe2 f5 24. exf5 Rxf5 25. Bg4 Rf6 26. Rgf3 h5 27. Be6+ Kg7 28. g3 g5 29. gxf4 gxf4 30. Qe4 Re8 31. Kh1 Rexe6 32. dxe6 Rxe6 33. Rg1+ Kh6 34. Rh3 Qc6 35. Qxc6 Rxc6 36. Kg2 e4 37. Rc3 a5 38. Kf2 Rd6 39. Ke2 a4 40. Rc2 Rd3 41. Rc3 f3+ 42. Ke1 Rd4 43. h4 Rd6 44. Rg5 Re6 45. Kf2 Rd6 46. Rc2 Rd1 47. Re5 Rh1 48. Ke3 Re1+ 49. Kf2 Rh1 50. Ke3 Re1+ 51. Kf4 Rg1 52. Re6+ Kg7 53. Rxe4 Rg2 54. Rxg2+ fxg2 55. Re1 Kf6 56. Rg1 Ke6 57. Rxg2 b5 58. Rg6+ 1-0